00458nam a2200169Ia 4500008004100000020001800041050001400059100001600073245003500089245004900124260002700173260003000200260000900230300001400239300002500253300001000278180207s9999 xx 000 0 und d a9780785283287 bY459 1994 aYenne, Bill 4aThe story of the First Easter/ cstory retold for this edition by Bill Yenne. aNashville, Tennessee : bThomas Nelson Publishers, c1994 aunpaged : bcolor illustration ; c28cm.